000 00386nam a22001577a 4500
082 _a346.066NAT
100 _aNATHAN AND MARSHALL
245 _aA CASEBOOK ON TRUSTS
250 _aFIFTH EDITION
260 _aLONDON
_bSTEVENS AND SONS
_c1967
300 _a509p
_bill;23cm
505 _ainclude, index
650 _aa casebook on trust
700 _anathan and marshall
942 _cBK
999 _c17102
_d17102